00472nam a2200133 i 4500001000300000100001800003245013100021260001900152040000800171041000800179080001200187008004100199856009800240bg1 aBAILEY, F. L. 0aIntroduction to semiconductor devices diodes, bipolar transistors, JEETs, IGFETs, SCRs and integrated circuits /cF.L. Bailey. aLondon,c1972. cBPK apol a621.382 s pl f |000 0 pol  uhttp://koha.tu.koszalin.pl/cgi-bin/koha/opac-detail.pl?biblionumber=15628yKatalog online BPK